000 00261nam a2200097Ia 4500
008 200302s9999 xx 000 0 und d
100 _aFrancis D K Ching
245 _aBuilding construction Illustrated 3rd ed.,
260 _bJohn Wiley and Sons ,Inc
260 _c2001
999 _c3085
_d3085